| 000 | 00565nam a2200181Ia 4500 | ||
|---|---|---|---|
| 003 | GCL | ||
| 008 | 140319s9999 xx 000 0 ara d | ||
| 040 |
_aGCL / _cGCL |
||
| 082 | 0 | 4 |
_a414 _bد ح |
| 100 | 1 | _aالحريرى , ابى قاسم بن على | |
| 245 | 1 | 0 |
_aدره الغواص فى اوهام الخواص / _cالحريرى , ابى قاسم بن على |
| 260 |
_a[S.N] : _bدار الكتب المصرية |
||
| 300 | _a228 ص | ||
| 490 | _a | ||
| 650 | 0 | 4 | _aاللغة العربية |
| 650 | 0 | 4 | _aالبلاغة العربية |
| 942 |
_2ddc _cBK |
||
| 999 |
_c58472 _d58472 |
||